000 00350 a2200109 4500
001 ART_10430
005 20260410161848.0
008 260409a
245 1 0 _aNota sobre el significado económico de la ecuación de Pareto
100 1 _aFernandez Pol, Jorge E.
773 0 _tEconómica
_g- Año XVII, Nº2 (may./ago. 1971)
_wREV7541
999 _c24742
_d24742